Strzelcy bramek w rewanżowych meczach 1/4 Ligi Mistrzów . - Statystyki

Ogólne statystyki
  • Ten quiz został rozwiązany 41 razy
  • Średni wynik to 4 z 5
Statystyki odpowiedzi
Mecz Piłkarz % Poprawnych
Dortmund - Manchester City 1:2 Foden
89%
PSG - Bayern 0:1 Choupo-Moting
78%
Dortmund - Manchester City 1:0 Bellingham
72%
Dortmund - Manchester City 1:1 Mahrez
64%
Chelsea - Porto 0:1 Taremi
61%
Nie znaleziono quizów pasujących do podanych kryteriów
Rozkład punktacji
Procent ludzi z każdym wynikiem
Percentyl według liczby udzielonych odpowiedzi
Twoja historia wyników
Nie rozwiązałeś tego quizu